书目信息 |
| 题名: |
植物生理生化
|
|
| 作者: | 王三根 主编 | |
| 分册: | ||
| 出版信息: | 北京 中国林业出版社 2013 |
|
| 页数: | 459页 | |
| 开本: | 26cm | |
| 丛书名: | ||
| 单 册: | ||
| 中图分类: | Q945 , Q946 | |
| 科图分类: | ||
| 主题词: | 植物生理学--zhi wu sheng li xue--高等教育--教材 , 植物化学--zhi wu hua xue--高等教育--教材 | |
| 电子资源: | ||
| ISBN: | 978-7-5038-6865-8 | |
| 000 | 00979nam0 2200289 450 | |
| 001 | 012001001389 | |
| 005 | 20131108085421.0 | |
| 010 | @a978-7-5038-6865-8@dCNY58.00 | |
| 099 | @aCAL 012013040430 | |
| 100 | @a20130323d2013 em y0chiy50 ea | |
| 101 | 0 | @achi |
| 102 | @aCN@b110000 | |
| 105 | @aak a 000yy | |
| 106 | @ar | |
| 200 | 1 | @a植物生理生化@Azhi wu sheng li sheng hua@f王三根主编 |
| 210 | @a北京@c中国林业出版社@d2013 | |
| 215 | @a459页@c图@d26cm | |
| 300 | @a普通高等教育“十二五”规划教材 | |
| 320 | @a有书目 (第421-423页) | |
| 330 | @a全书共分5篇18章, 主要介绍植物细胞的结构与功能、生物大分子与酶、水分生理、植物矿质与氮素营养、光合作用、呼吸作用、有机物的转化等方面的内容。 | |
| 606 | 0 | @a植物生理学@Azhi wu sheng li xue@x高等教育@j教材 |
| 606 | 0 | @a植物化学@Azhi wu hua xue@x高等教育@j教材 |
| 690 | @aQ945@v5 | |
| 690 | @aQ946@v5 | |
| 701 | 0 | @a王三根@Awang san gen@4主编 |
| 801 | 0 | @aCN@b北京卓展@c20191020 |
| 905 | @b1198212-5@dQ945@e419@f4 | |
| 植物生理生化/王三根主编.-北京:中国林业出版社,2013 |
| 459页:图;26cm |
| 普通高等教育“十二五”规划教材 |
| ISBN 978-7-5038-6865-8:CNY58.00 |
| 全书共分5篇18章, 主要介绍植物细胞的结构与功能、生物大分子与酶、水分生理、植物矿质与氮素营养、光合作用、呼吸作用、有机物的转化等方面的内容。 |
| ● |
| 相关链接 |
|
|
|
|
正题名:植物生理生化
索取号:Q945/419
 
预约/预借
| 序号 | 登录号 | 条形码 | 馆藏地/架位号 | 状态 | 备注 |
| 1 | 1198212 | 211982121 | 第二样本阅览室/ [索取号:Q945/419] | 在馆 | |
| 2 | 1198213 | 211982130 | 第三借阅区/ [索取号:Q945/419] | 在馆 | |
| 3 | 1198214 | 211982149 | 第三借阅区/ [索取号:Q945/419] | 在馆 | |
| 4 | 1198215 | 211982158 | 第三借阅区/ [索取号:Q945/419] | 在馆 |